000 01142naa a22002897a 4500
001 BR9606997
003 BR-BrBNA
005 20240918181557.0
007 ta
008 230509b bl.||||| |||| 00| 0 por d
040 _aBR-BrBNA
_bpor
_cBiblioteca Nacional de Agricultura
041 _a(Pt)
072 _aE16
090 _aE16 BR9606997
100 1 _aGrigolo, S.C.
100 1 _aZaffaroni, E.
111 1 _a2. Encontro da Sociedade Brasileira de Sistemas de Producao
_cLondrina, PR (Brazil)
_d21-23 Nov 1995
245 1 _aAplicacao do diagnostico rapido participativo na caracterizacao e identificacao de agroecossistemas do Municipio de Cangucu, RS
260 3 _aLondrina, PR (Brasil):
_c1995.
500 _a2. Encontro da Sociedade Brasileira de Sistemas de Producao. Anais Londrina, PR (Brasil): 1995. p. 76-88 (BR9606997-AM)E16
650 _aEcossistema
650 _aSistema de Producao
650 _aPequeno Produtor
773 0 _t2. Encontro da Sociedade Brasileira de Sistemas de Producao. Anais
_wE16 BR9606997
_gLondrina, PR (Brasil), 1995. p. 76-88
909 _a202404
_bLucia
_c55
_dLucia Elande
942 _cAM
_2AGRIS
999 _c325910
_d325910